000
00203nam a2200085Ia 4500
008
250605s9999 xx 000 0 und d
041
_a
eng
100
_a
Sagar Sharma
245
_a
Vardhan Consulting Engineers
999
_c
45745
_d
45745